Železničiar orgán železničiarskych zamestnancov v Československej republike

Bibliographic Details
New Title:Vpřed
Format: Newspaper
Language:Slovak
PhysicalDescription:17 zv. 36-41 cm
Published: Vrútky Miestna odborová rada 1919-1935
Vrútky Únia železničných zamestnancov v Československej republike, Praha
Praha Karol Beran
Praha Viliam Brodecký
Praha Únia železničných zamestnancov
Žilina
Subjects:

MARC

LEADER 00000cas a2200000 a 4500
001 vtls010298852
003 SK-MaSNL
005 20260228162501.0
008 160616d19191935xo sr ne 0 b0slo
040 |a SNK  |b slo  |c SNK  |e AACR2 
041 0 |a slo 
044 |a xo  |a xr  |c SK  |c CZ 
072 7 |a 656.2  |x Železničná doprava  |2 konspekt 
072 7 |a 331  |x Práca  |2 konspekt 
080 |a 656.2  |2 2011 
080 |a (051)-048.55  |2 2011 
080 |a 331.108.2  |2 2011 
245 0 0 |a Železničiar  |b orgán železničiarskych zamestnancov v Československej republike 
260 |a Vrútky  |b Miestna odborová rada  |c 1919-1935 
260 2 |3 5/1919-7/1919  |a Vrútky  |b Únia železničných zamestnancov v Československej republike, Praha 
260 2 |3 17/1922-5/1930  |a Praha  |b Karol Beran 
260 2 |3 6/1930  |a Praha  |b Viliam Brodecký 
260 3 |3 7/1930-1935  |a Praha  |b Únia železničných zamestnancov 
260 2 |3 1/1920-16/1922  |a Žilina  |b Únia železničných zamestnancov v Československej republike, Praha 
300 |a 17 zv.  |c 36-41 cm 
310 |a 2x mesačne  |b 1932-1935 
321 |a 3x mesačne  |b 17/1922-1931 
321 |a 2x mesačne  |b 1919-16/1922 
362 0 |a Roč. I, č. 1 (15.9.1919)-roč. XVII, č. 24 (15.12.1935) 
500 |a Zmena podnázvu: od 20/1920 Orgán Únie železničných zamestnancov v Českoslov. republike pre Slovensko ; od 1/1929 Slovenský orgán Únie železničných zamestnancov v Československej republike 
500 |a Red. sa menia 
500 |a Od č. 17/1922 vychádzal už len v Prahe 
500 |a Od č. 17/1921 rozmer zv. 41 cm 
650 0 7 |a železničná doprava  |2 SNKPH  |9 3185 
650 0 7 |a zamestnanci  |2 SNKPH  |9 16311 
655 7 |a špecializované časopisy  |2 SNKPH  |9 70509 
710 2 7 |a Únia železničných zamestnancov (Praha, Česko) .  |b Miestna odborová rada (Vrútky, Slovensko)  |4 pbl  |9 271210 
770 0 |t Melleklet a magyarajkú tagoknak 
785 0 0 |t Vpřed 
910 |a snk 
916 |a 1919-1922 
958 |a OND 
999 |c 7944  |d 9874 
952 |0 0  |1 0  |4 0  |7 0  |a SNK  |b SNK  |d 1999-05-19  |f 1  |i snk2438/29  |l 0  |o snkČSA 38/2/1920  |p 17A0186511  |r 2005-01-02 00:00:00  |t č. 1-23  |w 2026-02-21  |y PREZ 
952 |0 0  |1 0  |4 0  |7 0  |a SNK  |b SNK  |d 1999-05-19  |f 1  |i snk2440/29  |l 0  |o snkČSA 38/4/1922  |p 17A0186062  |r 2005-01-02 00:00:00  |t č. 1-16  |w 2026-02-21  |y PREZ 
952 |0 0  |1 0  |4 0  |7 0  |a SNK  |b SNK  |d 1999-05-19  |f 1  |i snk2437/29  |l 0  |o snkČSA 38/3/1921  |p 17A0186082  |r 2005-01-02 00:00:00  |t č. 1-24, neúplné  |w 2026-02-21  |y PREZ  |z Chýba č. 14 
952 |0 0  |1 0  |4 0  |7 0  |a SNK  |b SNK  |d 1999-05-19  |f 1  |i snk2437/29  |l 0  |o snkČSA 38/1/1919  |p 17A0182098  |r 2005-01-02 00:00:00  |t č. 1-7  |w 2026-02-21  |y PREZ